Marques de chaussures de sport - Statistiques

Statistiques générales
  • Ce quiz a été pris 2 203 fois
  • Le résultat moyen est 9 sur 79
Statistiques - réponses
Marque Date de création Pays % Correct
Nike 1964 États-Unis
99%
Adidas 1949 Allemagne
97%
Puma 1948 Allemagne
75%
Asics 1949 Japon
58%
New Balance 1906 États-Unis
57%
Jordan 1988 États-Unis
45%
Converse 1908 États-Unis
35%
Reebok 1895 Royaume-Uni
32%
Le Coq Sportif 1882 France
30%
Lacoste 1933 France
29%
Fila 1911 Italie
25%
Vans 1966 États-Unis
24%
Salomon 1947 France
22%
Kappa 1916 Italie
19%
Umbro 1924 Royaume-Uni
16%
Under Armour 1996 États-Unis
15%
Geox 1995 Italie
14%
Airness 1999 France
13%
Mizuno 1906 Japon
13%
Champion 1919 États-Unis
10%
Kipsta 1998 France
10%
The North Face 1966 États-Unis
10%
Kalenji 2004 France
9%
Lotto 1973 Italie
9%
Brooks 1914 États-Unis
8%
Ellesse 1959 Italie
8%
Saucony 1898 États-Unis
7%
Diadora 1948 Italie
6%
Sketchers 1992 États-Unis
6%
Babolat 1875 France
5%
DCSHOECOUSA 1994 États-Unis
4%
Joma 1965 Espagne
4%
Columbia 1938 États-Unis
3%
La Sportiva 1928 Italie
3%
Merrell 1981 États-Unis
3%
Altra 2009 États-Unis
2%
Anta 1994 Chine
2%
Hoka One One 2009 France
2%
Lafuma 1930 France
2%
Li Ning 1990 Chine
2%
Peak 1989 Chine
2%
Scarpa 1938 Italie
2%
Yonex 1946 Japon
2%
Arc'teryx 1989 Canada
1%
Gola 1905 Royaume-Uni
1%
Helly Hansen 1877 Norvège
1%
K-Swiss 1966 États-Unis
1%
Lowa 1923 Allemagne
1%
Meindl 1928 Allemagne
1%
Millet 1930 France
1%
Onitsuka Tiger 1949 Japon
1%
Speedo 1914 Australie
1%
Superga 1911 Italie
1%
TBS 1978 France
1%
uhlsport 1948 Allemagne
1%
Asolo 1975 Italie
0%
Berghaus 1966 Royaume-Uni
0%
Etnies 1986 États-Unis
0%
Faguo 2008 France
0%
Giro 1985 États-Uni
0%
Hi-Tec 1974 Royaume-Uni
0%
Jack Wolfskin 1981 Allemagne
0%
Karrimor 1946 Royaume-Uni
0%
Keen 2003 États-Unis
0%
Lescon 1980 Turquie
0%
Mammut 1943 Suisse
0%
Northwave 1991 Italie
0%
Raidlight 1999 France
0%
Regatta 1981 Royaume-Uni
0%
Salewa 1935 Italie
0%
Salming 1995 Suède
0%
Shimano 1921 Japon
0%
sidi 1960 Italie
0%
Skora 2008 États-Unis
0%
Slazenger 1881 Angleterre
0%
Supra 2005 États-Unis
0%
Tecnica 1960 Italie
0%
Vaude 1974 Allemagne
0%
Volcom 1991 États-Unis
0%
Aucun quiz correspondant
Distribution des résultats
% des personnes avec chaque résultat
Percentile par nombre de réponses
Votre historique - résultats
Vous n’avez pas pris ce quiz